000 01021nam a22001577a 4500
008 120516t xxu||||| |||| 00| 0 eng d
050 _aHF499.M33
100 _aMaizels, Alfred
245 _aGrowth and trade. /
_cAlfred Maizels
260 _aNew York:
_bCambridge university press,
_cc1965.
300 _axiv, 308 p:
_bill;
_c22cm.
500 _aIncludes index
505 _aContents: Introduction and summary of findings -- Patterns of industrial growth and trade -- Industrial growth, productivity and real income -- Patterns of industrial growth -- Industrialization and the structure of foreign trade -- Trends relationships -- Trends in world trade in manufactures -- Industrialization and exports -- Industrialization and imports of manufactures -- Commodity and area patterns of trade in manufactures -- Effects of competition and import-substitution on exports from the main industrial countries -- Prospects and conclusions -- Past trends and future prospects -- Appendices.
650 _bTrade
942 _2lcc
_cBK
999 _c896
_d8396